000 00825cam a2200265 a 4500
003 EG-GiCUC
007 ad canzn
008 840319s1962 fr e fre
040 _aDLC
_c DLC
_d DLC
043 _ae-fr---
050 0 0 _aG1844.P3
_bE3 1962 (Map)
092 0 4 _a912.4436
_bE841
_221
099 _a04
_a912.4436 E841
110 2 _aEditions Ponchet. [from old catalog]
245 1 0 _aPlan-net de Paris par arrondissement.
260 _aParis,
_bEditions Ponchet; distribue par Vilo
_c[1962]
300 _a128 p., 22 col. maps (1 inserted. 1 fold. in pocket)
_c19 cm.
651 0 _aParis (France)
_vMaps.
740 _aParis par arrondissement.
902 _a1
905 _aIbrahim
_eRev
905 _amarwa
_ecat
942 _2ddc
_cBK
999 _c108301
_d108301